Personnages principaux d'animés/mangas - Statistiques

Statistiques générales
  • Ce quiz a été pris 996 fois
  • Le résultat moyen est 12 sur 21
Statistiques - réponses
Animé Personnages % Correct
One Piece Luffy
96%
Naruto Naruto
96%
SNK Eren
95%
One punch man Saitama
93%
Hunter X Hunter Gon
90%
Death Note Light
83%
Dragon Ball Son Goku
78%
Demon Slayer Tanjiro
78%
Pokemon Sasha
76%
Assassination Classroom Nagisa
66%
Tokyo Ghoul Kaneki
65%
Tokyo Revengers Takemichi
57%
My Hero Academia Midoriya
52%
Berserk Guts
45%
Chainsaw Man Denji
36%
Haikyuu Shoyo
36%
Mob Psycho 100 Kageyama
13%
Your lie in April Kosei
8%
Erased Satoru
8%
Dr Stone Taiju
7%
Kemono Jihen Kabane
4%
Aucun quiz correspondant
Distribution des résultats
% des personnes avec chaque résultat
Percentile par nombre de réponses
Votre historique - résultats
Vous n’avez pas pris ce quiz